[Event "GCT 2021 Parigi - Blitz"]
[Site "Parigi"]
[Date "22.06.2021"]
[Round "10B"]
[White "So, Wesley"]
[Black "Caruana, Fabiano"]
[Result "1/2-1/2"]
[WhiteTitle "GM"]
[BlackTitle "GM"]
[WhiteElo "2770"]
[BlackElo "2820"]
[WhiteFideId "5202213"]
[BlackFideId "2020009"]
[EventDate "2021.06.21"]

1. d4 Nf6 2. c4 e6 3. Nc3 Bb4 4. e3 O-O 5. Bd3 c5 6. Nf3 d5 7. cxd5 exd5 8. dxc5
Nbd7 9. Bd2 Nxc5 10. Be2 Bg4 11. a3 Bxf3 12. gxf3 Bxc3 13. Bxc3 Ne6 14. O-O Rc8
15. Qa4 d4 16. Rad1 Qb6 17. Bxd4 Nxd4 18. Qxd4 Qxd4 19. Rxd4 Rc2 20. Bd3 Rxb2
21. Rc1 g6 22. Rc7 Kg7 23. Kg2 a6 24. a4 Ne8 25. Re7 Nf6 26. Bc4 b5 27. Rb7 Rb4
28. axb5 axb5 29. Rxb5 Rxb5 30. Bxb5 Rc8 31. Ra4 Rc5 32. Bc4 g5 33. h3 h6 34.
Ba2 Rc7 35. Ra5 Ng8 36. h4 gxh4 37. Kh3 Ne7 38. Kxh4 Rc1 39. Kg3 Rc7 40. f4 Rc3
41. Ra7 Kf6 42. Ra6+ Kg7 43. Kg4 Rc2 44. Ra7 Kf6 45. Kf3 Rc3 46. Kg2 Rc8 47. e4
Re8 48. e5+ Kg7 49. Bb3 Rb8 50. Rxe7 Rxb3 51. f5 Kg8 52. f3 h5 53. Kg3 h4+ 54.
Kxh4 Rxf3 55. Kg5 Ra3 56. Re8+ Kg7 57. f6+ Kh7 58. Rf8 Ra7 59. Kf5 Rb7 60. Re8
Rb1 61. Rf8 Rf1+ 62. Ke4 Re1+ 63. Kf4 Rf1+ 64. Ke4 Re1+ 65. Kd5 Kg6 66. Kd6 Ra1
67. Rd8 Kf5 68. Ke7 Kxe5 69. Kxf7 Ra6 70. Re8+ Kf5 71. Kg7 Rxf6 72. Rf8 Rxf8 73.
Kxf8 Ke5 1/2-1/2

[Event "GCT 2021 Parigi - Blitz"]
[Site "Parigi"]
[Date "22.06.2021"]
[Round "10B"]
[White "Firouzja, Alireza"]
[Black "Radjabov, Teimour"]
[Result "1-0"]
[WhiteTitle "GM"]
[BlackTitle "GM"]
[WhiteElo "2759"]
[BlackElo "2765"]
[WhiteFideId "12573981"]
[BlackFideId "13400924"]
[EventDate "2021.06.21"]

1. e4 e5 2. Nc3 Nc6 3. Bc4 Nf6 4. d3 Na5 5. Nge2 Nxc4 6. dxc4 d6 7. Ng3 Be7 8.
h3 Be6 9. b3 c6 10. O-O O-O 11. Qf3 Re8 12. Rd1 Qc7 13. Rd3 Rad8 14. Bg5 h6 15.
Be3 a6 16. a4 Nd7 17. Nh5 Bf8 18. Rad1 Kh7 19. Ng3 a5 20. Nf5 Nc5 21. R3d2 g6
22. Ng3 b6 23. Nf1 Bg7 24. Nh2 Qe7 25. Nf1 Rf8 26. Ng3 Bf6 27. Rb1 Bg7 28. Rbd1
Kh8 29. Nce2 Kg8 30. Nc1 Kh7 31. Nd3 Nd7 32. Nf1 f5 33. exf5 gxf5 34. Qxc6 f4
35. Bxb6 Rc8 36. Qb5 Rb8 37. c5 e4 38. Ne1 dxc5 39. Rxd7 Bxd7 40. Rxd7 Qe6 41.
Qxc5 Rxb6 42. Qxf8 Qxd7 43. Qxf4 Qe6 44. Ne3 Rd6 45. g4 Rd7 46. N1g2 Rf7 47. Nf5
Be5 48. Qe3 Bc7 49. Ngh4 Bb6 50. Qf4 e3 51. fxe3 Rd7 52. Nf3 Qc6 53. c4 Qe6 54.
Kg2 Bc7 55. N3d4 Qf6 56. Qe4 Qe5 57. Qxe5 Bxe5 58. Kf3 Kg6 59. Ke4 Bb8 60. c5
Rb7 61. Nb5 h5 62. c6 Rh7 63. gxh5+ Rxh5 64. Ne7+ Kf7 65. Nd5 Rh4+ 66. Kd3 Ke6
67. c7 Bxc7 68. Ndxc7+ Ke5 69. Nd4 Rxh3 70. Ncb5 Kd5 71. Na3 Kc5 72. Nc4 Kb4 73.
Ne5 Kc5 74. Nec6 Kb6 75. Ne5 Kc5 76. Ng6 Rh1 77. Nf4 Rh8 78. Ke4 Re8+ 79. Nfe6+
Kd6 80. Kd3 Rh8 81. Ng5 Kc5 82. Ne4+ Kb4 83. Nd2 Rh3 84. Nc6+ Kc5 85. Nxa5 Kb4
86. Nc6+ Kc5 87. Nd4 Kb4 88. Nc2+ Kc5 89. b4+ Kd5 90. Ne4 Rh1 91. Nc3+ Kc6 92.
Nd4+ Kd6 93. a5 Ra1 94. Kc4 Re1 95. a6 Kc7 96. b5 Ra1 97. e4 Kd6 98. Nc2 Rc1 99.
a7 1-0

[Event "GCT 2021 Parigi - Blitz"]
[Site "Parigi"]
[Date "22.06.2021"]
[Round "10B"]
[White "Aronian, Levon"]
[Black "Svidler, Peter"]
[Result "1/2-1/2"]
[WhiteTitle "GM"]
[BlackTitle "GM"]
[WhiteElo "2781"]
[BlackElo "2714"]
[WhiteFideId "13300474"]
[BlackFideId "4102142"]
[EventDate "2021.06.21"]

1. Nf3 d5 2. e3 Nf6 3. c4 e6 4. Nc3 dxc4 5. Bxc4 a6 6. O-O b5 7. Be2 Bb7 8. b3
Be7 9. Bb2 O-O 10. Rc1 c5 11. a4 b4 12. Nb1 Nbd7 13. d3 Nd5 14. Ne5 Nxe5 15.
Bxe5 Rc8 16. Qc2 Bf6 17. Qb2 a5 18. Rc2 Bxe5 19. Qxe5 Qc7 20. Qxc7 Rxc7 21. Rfc1
Rfc8 22. Bf1 Ba6 23. d4 c4 24. Bxc4 Nb6 25. Nd2 Bxc4 26. Nxc4 Nxa4 27. Ra1 Nb6
28. Nxb6 Rxc2 29. Nxc8 Rxc8 30. Kf1 g6 31. Rxa5 Rc3 32. g4 Rxb3 33. Rb5 h6 34.
h4 Rb2 35. Kg2 Kg7 36. g5 hxg5 37. hxg5 b3 38. Rb8 Rb1 39. Kf3 Rg1 40. Rxb3 Rxg5
41. Rb7 Rf5+ 42. Ke2 Ra5 43. Kf3 Rf5+ 44. Ke2 Ra5 45. Kf3 Rf5+ 1/2-1/2

[Event "GCT 2021 Parigi - Blitz"]
[Site "Parigi"]
[Date "22.06.2021"]
[Round "11B"]
[White "Aronian, Levon"]
[Black "Rapport, Richard"]
[Result "1-0"]
[WhiteTitle "GM"]
[BlackTitle "GM"]
[WhiteElo "2781"]
[BlackElo "2763"]
[WhiteFideId "13300474"]
[BlackFideId "738590"]
[EventDate "2021.06.21"]

1. d4 Nf6 2. Nf3 g6 3. Nc3 d5 4. Bf4 c6 5. e3 Bg4 6. h3 Bxf3 7. Qxf3 Nbd7 8. g4
e6 9. Bd3 Bb4 10. O-O h5 11. g5 Ng8 12. Ne2 Ne7 13. c4 Ba5 14. Qg3 Rc8 15. b4
Bc7 16. Bxc7 Rxc7 17. c5 Nf5 18. Bxf5 h4 19. Qd6 gxf5 20. Kh1 Nf8 21. Qxd8+ Kxd8
22. f4 Kd7 23. b5 b6 24. a4 Ng6 25. Kg2 Rb8 26. Rfb1 Ne7 27. Kf3 Kc8 28. Nc3 Kd7
29. a5 bxc5 30. b6 axb6 31. axb6 Rcb7 32. dxc5 e5 33. Ra7 exf4 34. exf4 Kc8 35.
Rba1 Kd7 36. Ne2 Nc8 37. Rxb7+ Rxb7 38. Nd4 Ne7 39. Ra8 Ng6 40. Ra7 Kc8 41. Rxb7
Kxb7 42. Nxf5 Ka6 43. Nd6 d4 44. f5 Ne5+ 45. Ke4 d3 46. Ke3 d2 47. Ke2 Nf3 48.
g6 fxg6 49. fxg6 Ng1+ 50. Kxd2 1-0

[Event "GCT 2021 Parigi - Blitz"]
[Site "Parigi"]
[Date "22.06.2021"]
[Round "11B"]
[White "Svidler, Peter"]
[Black "Kramnik, Vladimir"]
[Result "1-0"]
[WhiteTitle "GM"]
[BlackTitle "GM"]
[WhiteElo "2714"]
[BlackElo "2753"]
[WhiteFideId "4102142"]
[BlackFideId "4101588"]
[EventDate "2021.06.21"]

1. c4 c5 2. g3 g6 3. Bg2 Bg7 4. Nc3 Nc6 5. Nf3 d6 6. O-O Bf5 7. d3 Qd7 8. Bd2
Nf6 9. Rb1 Bh3 10. a3 Bxg2 11. Kxg2 O-O 12. b4 b6 13. h3 Rac8 14. e4 Ne8 15. b5
Nd8 16. a4 f5 17. Qe2 Bxc3 18. Bxc3 e5 19. exf5 gxf5 20. Nd2 f4 21. Qg4+ Qxg4
22. hxg4 Ne6 23. f3 fxg3 24. Kxg3 Nf4 25. Ne4 Nf6 26. Bd2 d5 27. Nxf6+ Rxf6 28.
Bxf4 exf4+ 29. Kh4 Rd8 30. Rbe1 Kf7 31. Re5 dxc4 32. dxc4 Rd2 33. g5 Re6 34.
Rfe1 Rxe5 35. Rxe5 Rd4 36. Kh5 Rxc4 37. Kh6 Rc1 38. Rf5+ Ke6 39. Rxf4 c4 40.
Kxh7 c3 41. Rc4 c2 42. Kg6 Kd5 43. Rc8 Kd4 44. f4 Kd3 45. f5 Rf1 46. f6 c1=Q 47.
Rxc1 Rxc1 48. f7 Rc8 49. Kf6 Ke4 50. g6 1-0

[Event "GCT 2021 Parigi - Blitz"]
[Site "Parigi"]
[Date "22.06.2021"]
[Round "11B"]
[White "Vachier-Lagrave, Maxime"]
[Black "Firouzja, Alireza"]
[Result "1-0"]
[WhiteTitle "GM"]
[BlackTitle "GM"]
[WhiteElo "2760"]
[BlackElo "2759"]
[WhiteFideId "623539"]
[BlackFideId "12573981"]
[EventDate "2021.06.21"]

1. e4 c5 2. Nf3 Nc6 3. c3 Nf6 4. e5 Nd5 5. Bc4 Nb6 6. Bb3 c4 7. Bc2 d5 8. exd6
Qxd6 9. O-O g6 10. a4 Bg7 11. a5 Nd5 12. d3 cxd3 13. Bxd3 O-O 14. Be4 Rd8 15.
Na3 Nxc3 16. Qxd6 Ne2+ 17. Kh1 Rxd6 18. Nb5 Rd8 19. a6 Rb8 20. Be3 Ned4 21.
Nbxd4 Nxd4 22. Bf4 e5 23. Nxe5 Bf5 24. Bxf5 Nxf5 25. Nc4 b5 26. Bxb8 Rxb8 27.
Na5 Bxb2 28. Nc6 Rb6 29. Nxa7 Bxa1 30. Rxa1 Nd6 31. Nc6 Rxc6 32. a7 Rc8 33. a8=Q
Rxa8 34. Rxa8+ Kg7 35. Rd8 Nc4 36. Rd5 Na3 37. Kg1 Kf6 38. Kf1 Ke6 39. Rd3 Nc4
40. Rd8 h5 41. Rb8 Nd6 42. Ke2 Kd5 43. Kd3 Kc5 44. f3 Kd5 45. Ra8 Ke5 46. Ra1
Kd5 47. Re1 Nc4 48. Re7 Kd6 49. Ra7 Ne5+ 50. Kc3 Ke6 51. Rb7 Nc4 52. Rxb5 Ne3
53. g3 h4 54. gxh4 Nf5 55. h5 gxh5 56. Kd3 Kf6 57. Ra5 Kg6 58. Ke4 Nd6+ 59. Kf4
f6 60. Rc5 Ne8 61. Rc1 Ng7 62. Rg1+ Kf7 63. Rxg7+ Kxg7 64. Kf5 h4 65. Kg4 Kg6
66. Kxh4 Kf5 67. Kg3 Kg5 68. h4+ Kf5 69. Kg2 Ke5 70. h5 Kf5 71. f4 Ke6 72. Kf3
f5 73. Ke3 1-0

[Event "GCT 2021 Parigi - Blitz"]
[Site "Parigi"]
[Date "22.06.2021"]
[Round "11B"]
[White "Caruana, Fabiano"]
[Black "Nepomniachtchi, Ian"]
[Result "1/2-1/2"]
[WhiteTitle "GM"]
[BlackTitle "GM"]
[WhiteElo "2820"]
[BlackElo "2792"]
[WhiteFideId "2020009"]
[BlackFideId "4168119"]
[EventDate "2021.06.21"]

1. d4 Nf6 2. Nf3 e6 3. c4 d5 4. Nc3 Bb4 5. Qb3 c5 6. dxc5 Nc6 7. e3 O-O 8. Be2
dxc4 9. Qxc4 Qe7 10. a3 Bxc5 11. O-O a6 12. b4 Ba7 13. Bb2 Bd7 14. Qh4 h6 15.
Rfd1 Rad8 16. b5 axb5 17. Nxb5 Bc5 18. Rac1 e5 19. h3 Bf5 20. g4 Bg6 21. g5 hxg5
22. Qxg5 Rxd1+ 23. Rxd1 Qe6 24. Nxe5 Nxe5 25. Bxe5 Ne4 26. Qf4 Re8 27. Bd4 Bxd4
28. Rxd4 Qxh3 29. Bg4 Qh6 30. Qxh6 gxh6 31. Bf3 Re5 32. a4 Kg7 33. Nd6 Nxd6 34.
Rxd6 Ra5 35. Rd4 b5 36. axb5 Rxb5 37. Rd5 Rxd5 38. Bxd5 Kf6 39. f4 Kg7 40. Kf2
Bb1 41. Kg3 f6 42. Bg2 Bc2 43. Bh1 Bb1 44. Bg2 Bc2 45. Bh1 1/2-1/2

[Event "GCT 2021 Parigi - Blitz"]
[Site "Parigi"]
[Date "22.06.2021"]
[Round "12B"]
[White "Rapport, Richard"]
[Black "Caruana, Fabiano"]
[Result "1-0"]
[WhiteTitle "GM"]
[BlackTitle "GM"]
[WhiteElo "2763"]
[BlackElo "2820"]
[WhiteFideId "738590"]
[BlackFideId "2020009"]
[EventDate "2021.06.21"]

1. Nf3 d5 2. g3 c5 3. Bg2 Nf6 4. O-O e6 5. d3 Nc6 6. Nbd2 Be7 7. e4 O-O 8. Re1
Qc7 9. c3 b5 10. exd5 exd5 11. Nb3 Be6 12. Be3 Nd7 13. Ng5 Bxg5 14. Bxg5 Rfe8
15. d4 c4 16. Nc5 Nxc5 17. dxc5 Qd7 18. b4 d4 19. a4 a6 20. Qf3 Rac8 21. axb5
axb5 22. h4 d3 23. Ra6 h6 24. Bd2 Ne7 25. Rd6 Qa7 26. h5 Qa2 27. Qf4 Rcd8 28.
Bf3 Rf8 29. g4 Nd5 30. Bxd5 Bxd5 31. Kh2 Qa8 32. Kg3 Be6 33. f3 Rxd6 34. cxd6
Rd8 35. Be3 Qc6 36. Bc5 Ra8 37. Qe5 Qd5 38. Qxd5 Bxd5 39. f4 Bc6 40. f5 f6 41.
Kf4 Re8 42. Ra1 Rd8 43. Ra2 Kf7 44. Ra7+ Rd7 45. Ra6 Bb7 46. Ra2 Rd8 47. Ra7 Rd7
48. Ra1 Rd8 49. Kg3 Bc6 50. Kf2 Rd7 51. Ra6 Be4 52. Ke3 Bg2 53. Ra2 Bd5 54. Kd2
Bf3 55. Ra5 Bxg4 56. Rxb5 Bxf5 57. Ra5 Bg4 58. b5 Bxh5 59. Ke3 Bg4 60. b6 Bh3
61. Ra7 Ke6 62. Rxd7 1-0

[Event "GCT 2021 Parigi - Blitz"]
[Site "Parigi"]
[Date "22.06.2021"]
[Round "12B"]
[White "Nepomniachtchi, Ian"]
[Black "Radjabov, Teimour"]
[Result "1/2-1/2"]
[WhiteTitle "GM"]
[BlackTitle "GM"]
[WhiteElo "2792"]
[BlackElo "2765"]
[WhiteFideId "4168119"]
[BlackFideId "13400924"]
[EventDate "2021.06.21"]

1. b3 d5 2. Bb2 c5 3. d3 Nc6 4. Nf3 Nf6 5. Nbd2 d4 6. g3 e5 7. Bg2 Bd6 8. O-O
O-O 9. c3 Re8 10. Rc1 h6 11. a3 Bg4 12. Re1 Qd7 13. Nc4 Bf8 14. b4 cxb4 15. axb4
dxc3 16. Bxc3 e4 17. Nfe5 Nxe5 18. Nxe5 Qf5 19. f3 Rxe5 20. dxe4 Qe6 21. Bxe5
Qxe5 22. fxg4 Bxb4 23. Rf1 Bc5+ 24. Kh1 Nxg4 25. Qb3 Nf2+ 26. Rxf2 Bxf2 27. Rf1
Bc5 28. Qxf7+ Kh8 29. Qxb7 Re8 30. Bf3 a5 31. Qc6 Bb4 32. Rd1 Qe6 33. Qb5 Qe5
34. Rd5 Qb8 35. Qd7 Qc8 36. Qb5 Qb8 37. Qa4 Re5 38. Rd3 Kh7 39. Kg2 Qe8 40. Qb3
h5 41. Rd5 g6 42. Qd3 Rxd5 43. exd5 Qe5 44. Be4 Qf6 45. Qb5 Kg7 46. Qd7+ Qe7 47.
Qxe7+ Bxe7 48. Bc2 Kf6 49. Kf3 g5 50. h4 gxh4 51. gxh4 Ke5 52. Kg3 Kxd5 53. Bg6
a4 54. Bxh5 a3 55. Bf7+ Ke4 56. h5 Ke3 57. h6 Bf6 58. Bc4 a2 59. Bxa2 Kxe2 60.
h7 Ba1 61. h8=N Be5+ 62. Kg4 Bxh8 63. Bc4+ Ke3 64. Bd3 Be5 65. Kf5 Kd2 66. Kxe5
Kxd3 1/2-1/2

[Event "GCT 2021 Parigi - Blitz"]
[Site "Parigi"]
[Date "22.06.2021"]
[Round "12B"]
[White "So, Wesley"]
[Black "Vachier-Lagrave, Maxime"]
[Result "1-0"]
[WhiteTitle "GM"]
[BlackTitle "GM"]
[WhiteElo "2770"]
[BlackElo "2760"]
[WhiteFideId "5202213"]
[BlackFideId "623539"]
[EventDate "2021.06.21"]

1. Nf3 c5 2. c4 Nf6 3. Nc3 Nc6 4. d4 cxd4 5. Nxd4 e6 6. a3 Bc5 7. Nb3 Be7 8. e4
O-O 9. Be2 b6 10. O-O Bb7 11. Be3 Rc8 12. f4 d6 13. Rc1 Qc7 14. Bf3 Rfd8 15. Nd5
exd5 16. cxd5 Qd7 17. dxc6 Bxc6 18. Qd4 d5 19. e5 Ne4 20. Rfd1 Qe6 21. h3 f5 22.
Qd3 Bb7 23. Nd4 Qf7 24. Rxc8 Rxc8 25. g4 g6 26. gxf5 gxf5 27. Kh2 Kh8 28. Rg1
Rg8 29. Rxg8+ Kxg8 30. Qb5 Bc5 31. b4 Bxd4 32. Bxd4 Kf8 33. Qe2 Qg6 34. Qe1 Qh6
35. Qc1 Qg7 36. Qg1 Qxg1+ 37. Kxg1 Bc6 38. Be2 Ba4 39. Kg2 Ke7 40. Bd3 Ke6 41.
Kf3 Nd2+ 42. Kg3 Nc4 43. Kh4 Be8 44. Kg5 Bg6 45. a4 Nd2 46. Kh6 Nf3 47. Bf2 Nd2
48. h4 Ne4 49. Be3 Nc3 50. a5 Na2 51. h5 Be8 52. axb6 axb6 53. Kg5 h6+ 54. Kxh6
Nxb4 55. Be2 b5 56. Kg7 Bxh5 57. Bxh5 Nc2 58. Bf7+ Kd7 59. e6+ Kd6 60. Bc5+ Kxc5
61. e7 1-0

[Event "GCT 2021 Parigi - Blitz"]
[Site "Parigi"]
[Date "22.06.2021"]
[Round "12B"]
[White "Firouzja, Alireza"]
[Black "Svidler, Peter"]
[Result "1-0"]
[WhiteTitle "GM"]
[BlackTitle "GM"]
[WhiteElo "2759"]
[BlackElo "2714"]
[WhiteFideId "12573981"]
[BlackFideId "4102142"]
[EventDate "2021.06.21"]

1. e4 e5 2. Nc3 Nf6 3. Bc4 Nc6 4. d3 Bb4 5. Nf3 d5 6. exd5 Nxd5 7. O-O Bxc3 8.
bxc3 O-O 9. Re1 Bg4 10. Bd2 Re8 11. h3 Bh5 12. Qe2 Qd6 13. Rab1 Nb6 14. Bb3 Qf6
15. g4 Bg6 16. Ng5 h6 17. Ne4 Bxe4 18. Qxe4 Nd7 19. Bd5 Qd6 20. Qc4 Nd8 21. Bxb7
Nxb7 22. Rxb7 Rec8 23. Be3 Nb6 24. Qe4 Nd5 25. c4 Nc3 26. Qf3 e4 27. Qf5 exd3
28. cxd3 Re8 29. Rb3 Nxa2 30. Qa5 f5 31. Qxa2 fxg4 32. c5 Qd5 33. Rb2 Qxa2 34.
Rxa2 gxh3 35. Rea1 1-0

[Event "GCT 2021 Parigi - Blitz"]
[Site "Parigi"]
[Date "22.06.2021"]
[Round "12B"]
[White "Kramnik, Vladimir"]
[Black "Aronian, Levon"]
[Result "0-1"]
[WhiteTitle "GM"]
[BlackTitle "GM"]
[WhiteElo "2753"]
[BlackElo "2781"]
[WhiteFideId "4101588"]
[BlackFideId "13300474"]
[EventDate "2021.06.21"]

1. e4 e5 2. Nf3 Nc6 3. Bc4 Bc5 4. c3 Nf6 5. d3 d6 6. O-O O-O 7. h3 a5 8. Re1 Be6
9. Bb5 Ne7 10. d4 Bb6 11. Nbd2 c6 12. Bd3 Ng6 13. Nf1 exd4 14. Nxd4 Qc7 15. Be3
Rae8 16. f4 Bc8 17. Ng3 Nd7 18. Bc2 Nc5 19. Qh5 d5 20. e5 f6 21. exf6 Rxf6 22.
Kh1 Bd7 23. Bd2 Ref8 24. Nf3 Qd6 25. Ne5 Be8 26. Ng4 Re6 27. Nf5 Qd7 28. Rxe6
Nxe6 29. Re1 Bc7 30. Nh4 Bxf4 31. Nxg6 hxg6 32. Bxg6 Bxg6 33. Qxg6 Bg3 34. Rd1
Bf4 35. Bxf4 Nxf4 36. Qg5 Qd8 37. Qxd8 Rxd8 38. Re1 Rd7 39. Re3 d4 40. cxd4 Rxd4
41. Re7 b5 42. Kh2 Rd2 43. Kg3 Nh5+ 44. Kh4 Nf6 45. Nxf6+ gxf6 46. g4 Rxb2 47.
Kh5 Kf8 48. Ra7 Rxa2 49. Kg6 Ke8 50. h4 Rg2 51. Kf5 b4 52. h5 b3 53. Rxa5 b2 54.
Ra8+ Kd7 55. Rb8 Kc7 56. Rb3 c5 57. h6 c4 58. Rb4 c3 59. Kxf6 Rxg4 60. Rxg4 b1=Q
61. Rc4+ Kd6 62. Rxc3 Qb2 63. h7 Qxc3+ 0-1

[Event "GCT 2021 Parigi - Blitz"]
[Site "Parigi"]
[Date "22.06.2021"]
[Round "13B"]
[White "Kramnik, Vladimir"]
[Black "Rapport, Richard"]
[Result "1/2-1/2"]
[WhiteTitle "GM"]
[BlackTitle "GM"]
[WhiteElo "2753"]
[BlackElo "2763"]
[WhiteFideId "4101588"]
[BlackFideId "738590"]
[EventDate "2021.06.21"]

1. e4 c5 2. Nf3 e6 3. d4 cxd4 4. Nxd4 Nf6 5. Nc3 Nc6 6. Ndb5 Bb4 7. a3 Bxc3+ 8.
Nxc3 d5 9. Bd3 dxe4 10. Nxe4 Nxe4 11. Bxe4 Qxd1+ 12. Kxd1 Bd7 13. Re1 O-O-O 14.
Be3 Nd4 15. Bd3 Bc6 16. f3 Nb3 17. Rb1 Bb5 18. Bxa7 Rxd3+ 19. cxd3 Bxd3 20. Re3
Bxb1 21. Rc3+ Kd7 22. Rxb3 Kc6 23. Ke2 Ba2 24. Rc3+ Kd7 25. b3 Rc8 26. Bc5 Rc6
27. Kd2 b6 28. Bf8 Rxc3 29. Kxc3 Bb1 30. Bxg7 Kc6 31. a4 Kd5 32. Bd4 Kc6 33. Bf6
Kd5 34. g4 e5 35. Kd2 e4 36. Bd8 Kc6 37. f4 e3+ 38. Kc3 Be4 39. Bh4 Bf3 40. g5
Bd1 41. f5 Bg4 42. g6 hxg6 43. fxg6 fxg6 44. b4 Bd1 45. a5 bxa5 46. bxa5 Kb5 47.
Kd3 1/2-1/2

[Event "GCT 2021 Parigi - Blitz"]
[Site "Parigi"]
[Date "22.06.2021"]
[Round "13B"]
[White "Aronian, Levon"]
[Black "Firouzja, Alireza"]
[Result "1/2-1/2"]
[WhiteTitle "GM"]
[BlackTitle "GM"]
[WhiteElo "2781"]
[BlackElo "2759"]
[WhiteFideId "13300474"]
[BlackFideId "12573981"]
[EventDate "2021.06.21"]

1. d4 Nf6 2. Nf3 d5 3. Bf4 c5 4. e3 cxd4 5. exd4 Bf5 6. Nbd2 e6 7. c3 Be7 8. Qb3
Qc8 9. Nh4 Bg4 10. h3 Bh5 11. g4 Bg6 12. Nxg6 hxg6 13. g5 Nh5 14. Be3 Nc6 15.
O-O-O Qc7 16. Kb1 a6 17. c4 dxc4 18. Nxc4 O-O 19. d5 exd5 20. Nb6 Rad8 21. Nxd5
Qe5 22. Rg1 Nb4 23. Nxb4 Rxd1+ 24. Qxd1 Bxb4 25. Qc2 Nf4 26. a3 Be7 27. Rg4 Nd5
28. Bc1 Rd8 29. Bg2 Bf8 30. h4 b6 31. Bf3 Ne7 32. Be4 Nf5 33. Bxf5 Qxf5 34. Qxf5
gxf5 35. Ra4 Bc5 36. Be3 Bxe3 37. fxe3 a5 38. Kc2 g6 39. e4 fxe4 40. Rxe4 Kg7
41. Kc3 Rd5 42. b4 axb4+ 43. Kxb4 Rf5 44. a4 f6 45. Re7+ Kf8 46. Re6 fxg5 47.
hxg5 Rxg5 48. Rxb6 Rg1 49. a5 Kg7 50. a6 Ra1 51. Kb5 g5 52. Rc6 Rb1+ 53. Ka5
Ra1+ 54. Kb6 Ra4 55. a7 g4 56. Rc4 Rxc4 57. a8=Q Rf4 58. Kc5 Kg6 59. Qg8+ Kh5
60. Qh7+ Kg5 61. Kd5 Rf5+ 62. Ke4 Rf4+ 63. Ke5 Rf3 64. Qh8 Rf1 65. Qd8+ Kh5 66.
Ke4 Rf3 67. Qh8+ Kg5 68. Qh1 Rf4+ 69. Ke5 Rf5+ 70. Ke6 Rf6+ 71. Ke7 Rf3 72. Qc1+
Kh4 73. Ke6 Kg3 74. Ke5 Kh3 75. Qh6+ Kg3 76. Ke4 Rf2 77. Qd6+ Kh3 78. Ke3 Rf3+
79. Ke2 Kg2 80. Qh6 Rf2+ 81. Ke3 Rf3+ 82. Ke4 Kg3 83. Qh1 Rf4+ 84. Ke5 Rf3 85.
Qg1+ Kh3 86. Ke4 Rf8 87. Qh1+ Kg3 88. Qe1+ Kh3 89. Qh1+ Kg3 90. Qh6 Rf3 91. Qd6+
Kh3 92. Qd1 Kg3 93. Qh1 Rf4+ 94. Ke3 Rf3+ 95. Ke2 Rf2+ 96. Ke1 Rf3 97. Qh6 Rf5
98. Qd6+ Kh3 99. Qg6 Rf3 100. Qh5+ Kg3 101. Qh7 Rf6 102. Qc7+ Kh3 103. Ke2 Rf3
104. Qc5 Kg3 105. Qd4 Kh3 106. Qg1 Rf5 107. Qe3+ Rf3 108. Qg5 Kg3 109. Ke1 Kh3
110. Qh6+ Kg3 111. Qh5 Rf8 112. Qc5 Rf3 113. Qc7+ Kh3 114. Qe5 Kg2 115. Ke2 Kh3
116. Qa1 Kg3 117. Qa4 Kh3 118. Qd7 Kg3 119. Qh7 Rf2+ 120. Ke3 Rf3+ 121. Ke4 Rf4+
122. Ke5 Rf3 123. Qh1 Rf8 124. Qe1+ Kh3 125. Qg1 Rf3 126. Ke4 Rf8 127. Qh1+ Kg3
128. Qe1+ Kh3 129. Qd2 Rf3 130. Qd6 Kg2 131. Qd1 Kh3 132. Qg1 Rf8 133. Ke3 Rf3+
134. Ke2 Rf8 135. Qc5 Rf3 136. Qg5 Kg3 137. Qe5+ Kh3 138. Qd6 Rf5 1/2-1/2

[Event "GCT 2021 Parigi - Blitz"]
[Site "Parigi"]
[Date "22.06.2021"]
[Round "13B"]
[White "Svidler, Peter"]
[Black "So, Wesley"]
[Result "1/2-1/2"]
[WhiteTitle "GM"]
[BlackTitle "GM"]
[WhiteElo "2714"]
[BlackElo "2770"]
[WhiteFideId "4102142"]
[BlackFideId "5202213"]
[EventDate "2021.06.21"]

1. c4 e5 2. g3 Nf6 3. Bg2 c6 4. Nf3 e4 5. Nd4 Qb6 6. Nb3 a5 7. d3 a4 8. N3d2 Bc5
9. O-O e3 10. fxe3 Bxe3+ 11. Kh1 Ng4 12. Nc3 O-O 13. Nde4 d5 14. cxd5 Bxc1 15.
Qxc1 Ne3 16. Rf3 Nxd5 17. Qd2 Nd7 18. Nxd5 cxd5 19. Nc3 Nf6 20. Raf1 Be6 21.
Rxf6 gxf6 22. Nxd5 Bxd5 23. Bxd5 Kh8 24. Be4 Rg8 25. Qh6 Rg7 26. Qxf6 Qxf6 27.
Rxf6 Ra6 28. Rf4 Rb6 29. Bf3 Rxb2 30. Rxa4 Rg6 31. Ra7 Ra6 32. Rxb7 Rxb7 33.
Bxb7 Rxa2 34. Bf3 Kg7 35. Kg2 Kf6 36. Kf2 Ke5 37. Ke3 Ra3 38. Be4 h6 39. Bf3 f5
40. Bg2 Rb3 41. Bf3 Ra3 42. Bg2 Rb3 1/2-1/2

[Event "GCT 2021 Parigi - Blitz"]
[Site "Parigi"]
[Date "22.06.2021"]
[Round "13B"]
[White "Vachier-Lagrave, Maxime"]
[Black "Nepomniachtchi, Ian"]
[Result "0-1"]
[WhiteTitle "GM"]
[BlackTitle "GM"]
[WhiteElo "2760"]
[BlackElo "2792"]
[WhiteFideId "623539"]
[BlackFideId "4168119"]
[EventDate "2021.06.21"]

1. e4 e6 2. d4 d5 3. Nc3 Nf6 4. Bg5 dxe4 5. Nxe4 Be7 6. Bxf6 gxf6 7. Nf3 f5 8.
Nc3 a6 9. g3 b5 10. Bg2 Bb7 11. O-O Bf6 12. Re1 O-O 13. Ne2 c5 14. c3 Nd7 15.
Nf4 cxd4 16. cxd4 Nb6 17. Nh5 Ra7 18. Nxf6+ Qxf6 19. Ne5 Bxg2 20. Kxg2 Rc7 21.
Rc1 Rfc8 22. Rxc7 Rxc7 23. Qd2 Qd8 24. Rc1 f6 25. Rxc7 Qxc7 26. Nd3 Qd6 27. Qf4
Qxf4 28. Nxf4 Kf7 29. Kf1 e5 30. dxe5 fxe5 31. Nd3 Kf6 32. Nc5 a5 33. Ke2 e4 34.
Nb3 Nc4 35. Nd4 Nxb2 36. Nxb5 Nc4 37. Nd4 Ke5 38. Nc6+ Kd5 39. Ne7+ Ke6 40. Nc6
a4 41. Kd1 f4 42. gxf4 Kf5 43. Ke2 Kxf4 44. Nd4 h5 45. Ne6+ Ke5 46. Nc5 a3 47.
Nb3 Kf4 48. Nc5 h4 49. h3 Ke5 50. f3 exf3+ 51. Kxf3 Kd4 52. Ne6+ Kc3 53. Nc7 Nd6
54. Nd5+ Kb2 55. Nb4 Nb5 56. Ke3 Nc3 57. Kd3 Nd1 58. Ke2 Nc3+ 59. Kd3 Na4 60.
Kd4 Nb6 61. Kc5 Nd7+ 62. Kd6 Nf6 63. Ke5 Ng4+ 64. Kf4 Nf2 65. Kg5 Nxh3+ 66. Kxh4
Nf2 67. Kg3 Nd1 68. Kf3 Nc3 69. Ke3 Nxa2 70. Nc6 Nc3 0-1

[Event "GCT 2021 Parigi - Blitz"]
[Site "Parigi"]
[Date "22.06.2021"]
[Round "13B"]
[White "Radjabov, Teimour"]
[Black "Caruana, Fabiano"]
[Result "0-1"]
[WhiteTitle "GM"]
[BlackTitle "GM"]
[WhiteElo "2765"]
[BlackElo "2820"]
[WhiteFideId "13400924"]
[BlackFideId "2020009"]
[EventDate "2021.06.21"]

1. Nf3 Nf6 2. b3 g6 3. Bb2 Bg7 4. g3 O-O 5. Bg2 d6 6. d4 e5 7. dxe5 Ng4 8. O-O
Nc6 9. c4 a5 10. Nc3 Ngxe5 11. Qd2 Re8 12. Rad1 Nxf3+ 13. Bxf3 Nd4 14. Bg2 Bg4
15. f3 Bd7 16. e3 Nf5 17. Rfe1 a4 18. f4 axb3 19. axb3 c6 20. Kh1 h5 21. c5 d5
22. e4 Nd4 23. exd5 Nxb3 24. Qf2 Rxe1+ 25. Rxe1 Bd4 26. Qe2 Qa5 27. Qc4 Bf2 28.
Rd1 Nxc5 29. dxc6 bxc6 30. h3 Rb8 31. Qe2 Bxg3 32. Ba1 Bxf4 33. Qe7 Bh6 34. Nd5
cxd5 35. Qe5 Kh7 36. Qxb8 Bg7 37. Bxg7 Kxg7 38. Qe5+ f6 39. Qxd5 Qc3 40. Qd6 Bf5
41. Qe7+ Kh6 42. h4 Ne6 43. Qd6 Qe3 44. Qb8 0-1